[Event "AS04 Int"]
[Site "Copenhagen"]
[Date "1988.??.??"]
[Round "?"]
[White "Bang, Andreas"]
[Black "Eingorn, V"]
[Result "1/2-1/2"]
[WhiteElo "2280"]
[BlackElo "2560"]

1. Nf3 Nf6 2. c4 b6 3. b3 g6 4. Bb2 Bg7 5. d4 O-O 6. e3 Bb7 7. Bd3 e6
8. O-O c5 9. Nbd2 d6 10. Qc2 Nc6 11. Bc3 Nb4 12. Bxb4 cxb4 13. Ne4 Rc8
14. Nxf6+ Qxf6 15. Qe2 e5 16. Bc2 b5 17. dxe5 dxe5 18. Nd2 e4 19. Rac1
Qb2 20. Bb1 a6 21. Rc2 Qe5 22. Rfc1 Rfd8 23. cxb5 Rxc2 24. Rxc2 axb5
25. Nf1 h5 26. Rd2 Rc8 27. Rc2 Rc3 28. Qd1 Bf8 29. Rd2 Qc5 30. Qe2 Be7
31. Ng3 f5 32. Qe1 Bg5 33. Kh1 Bh4 34. Ne2 Rxe3 35. Qd1 Rxe2 36. Qxe2
Bf6 37. Kg1 Bc6 38. Qd1 Kf7 39. Qe2 Bd5 40. Qd1 Ke6 41. Rc2 Bc3 42. Qc1
Qd4 43. Re2 h4 44. Bc2 Kd7 45. Qf4 Qf6 46. Qe3 Kc6 47. Qa7 Qg5 48. Qa8+
Kd6 49. Qb8+ Ke6 50. Qe8+ Kd6 51. Qb8+ Ke7 52. h3 Qc1+ 53. Kh2 Qf1 54.
Bd3 Qa1 55. Qc7+ Ke6 56. Qc8+ Ke7 57. Qc7+ Ke6 58. Qc8+ 1/2-1/2

[Event "AS04 Int"]
[Site "Copenhagen"]
[Date "1988.??.??"]
[Round "?"]
[White "Bang, Andreas"]
[Black "Karlsson, Lars"]
[Result "0-1"]
[WhiteElo "2280"]
[BlackElo "2520"]

1. c4 e5 2. Nc3 c5 3. g3 g6 4. Bg2 Bg7 5. a3 a5 6. d3 Nc6 7. Nd5 h6 8.
Bd2 Nge7 9. b4 axb4 10. axb4 Rxa1 11. Qxa1 Nxd5 12. cxd5 Nxb4 13. Bxb4
cxb4 14. Nf3 O-O 15. Qa4 e4 16. dxe4 Bc3+ 17. Nd2 Qf6 18. Qc2 b3 19.
Qxb3 Qd4 20. Qc2 b6 21. e3 Qb4 22. Bf1 Bxd2+ 23. Qxd2 Qxe4 24. f3 Qxf3
25. Bg2 Qf6 26. Rf1 Qe5 27. Rf4 Ba6 28. Kf2 Rc8 29. d6 g5 30. Qd4 Rc2+
31. Kg1 Rc1+ 0-1

[Event "AS04 Int"]
[Site "Copenhagen"]
[Date "1988.??.??"]
[Round "?"]
[White "Bang, Andreas"]
[Black "Rozentalis, Eduardas"]
[Result "0-1"]
[WhiteElo "2280"]
[BlackElo "2490"]

1. Nf3 e6 2. c4 Nf6 3. Nc3 Bb4 4. Qb3 Nc6 5. g3 d5 6. d4 Ne4 7. Bg2 O-O
8. O-O Bxc3 9. cxd5 Qxd5 10. bxc3 Qxb3 11. axb3 Nxc3 12. e3 Bd7 13. Bb2
Nd5 14. Rfc1 Rfd8 15. Ne1 Be8 16. Nd3 a5 17. Ba3 Rac8 18. Rc2 Na7 19.
Nf4 Bc6 20. Bf1 Nxf4 21. gxf4 Bd5 22. Rc3 f5 23. Rac1 c6 24. Bc5 Nb5
25. Bxb5 cxb5 26. Ra1 Rc6 0-1

[Event "AS04 Int"]
[Site "Copenhagen"]
[Date "1988.??.??"]
[Round "?"]
[White "Bjerring, Kai"]
[Black "Hansen, Lars Bo"]
[Result "0-1"]
[WhiteElo "2345"]
[BlackElo "2455"]

1. e4 c6 2. d4 d5 3. Nd2 dxe4 4. Nxe4 Nf6 5. Nxf6+ exf6 6. Be2 Bd6 7.
Bf3 O-O 8. Ne2 Qc7 9. h3 Re8 10. O-O Nd7 11. Re1 Nf8 12. Ng3 Bxh3 13.
Ne4 Be6 14. Be3 Ng6 15. b3 b5 16. Nxd6 Qxd6 17. Rc1 f5 18. c4 bxc4 19.
bxc4 f4 20. Bd2 Nh4 21. d5 cxd5 22. cxd5 Nxf3+ 23. Qxf3 Bxd5 24. Rxe8+
Rxe8 25. Bxf4 Qf6 26. Qe3 Bc6 27. Qc3 Qxf4 28. Qxc6 Rd8 29. g3 Qd2 30.
Qc2 g6 31. a4 Qxc2 32. Rxc2 Rd4 33. Ra2 a5 34. Kg2 h5 35. Kf3 Kg7 36.
Ke3 Rb4 37. Kf3 g5 38. Kg2 Kg6 39. Kf3 h4 40. Kg2 Kh5 41. gxh4 Rxh4
42. Ra1 Kg6 43. Kf3 Rf4+ 44. Ke3 f6 45. Ra2 Kf5 0-1

[Event "AS04 Int"]
[Site "Copenhagen"]
[Date "1988.??.??"]
[Round "?"]
[White "Bjerring, Kai"]
[Black "Kristiansen, Jens"]
[Result "1/2-1/2"]
[WhiteElo "2345"]
[BlackElo "2415"]

1. e4 g6 2. d4 Bg7 3. Nc3 c6 4. Bc4 d6 5. Qf3 e6 6. Be3 Ne7 7. Nge2 Nd7
8. Bb3 d5 9. g4 O-O 10. h4 h6 11. Qg2 dxe4 12. Nxe4 Nd5 13. Bd2 e5 14.
h5 g5 15. O-O-O Nf4 16. Nxf4 exf4 17. Bb4 a5 18. Bxf8 Qxf8 19. a3 b5
20. Rhe1 a4 21. Ba2 b4 22. Qf3 Nb6 23. Nc5 bxa3 24. Qxc6 Bxg4 25. Qxb6
Rb8 26. Qc6 Rxb2 27. Re8 Rxa2 28. Rxf8+ Bxf8 29. f3 Bf5 30. Nd3 Bxd3
31. Rxd3 Ra1+ 32. Kd2 Bb4+ 33. c3 a2 34. Qxa4 Rh1 35. cxb4 a1=Q 36.
Qxa1 Rxa1 37. Rb3 Kf8 38. b5 Ra7 39. b6 Rb7 40. Kd3 Ke7 1/2-1/2

[Event "AS04 Int"]
[Site "Copenhagen"]
[Date "1988.??.??"]
[Round "?"]
[White "Bjerring, Kai"]
[Black "Schussler, Harry"]
[Result "0-1"]
[WhiteElo "2345"]
[BlackElo "2525"]

1. e4 e6 2. d4 d5 3. Nc3 Bb4 4. e5 b6 5. Qg4 Bf8 6. Nf3 Qd7 7. h4 Ne7
8. h5 h6 9. Qh3 Ba6 10. g4 c5 11. Be3 Bxf1 12. Rxf1 c4 13. Nh4 b5 14.
a3 Na6 15. f4 Nc7 16. f5 Nc6 17. fxe6 Nxe6 18. Nf5 b4 19. axb4 Bxb4
20. O-O-O O-O-O 21. Qf3 Kb8 22. Nxd5 Qxd5 23. Qxd5 Rxd5 24. c3 Ba5 25.
Bg1 Bd8 26. Kc2 Bg5 27. Bh2 Ka8 28. Nd6 f6 29. Nxc4 Rhd8 30. exf6 gxf6
31. b3 Kb7 32. Bg1 Nc7 33. Ne3 R5d7 34. Nf5 Nd5 35. Bh2 Nce7 36. Bg1
Nxf5 37. Rxf5 Re8 38. c4 Nb4+ 39. Kc3 Nc6 40. Rf3 Ne5 41. Rg3 Bf4 42.
Rg2 Nf3 43. d5 Nxg1 44. Rgxg1 Rde7 45. Rg2 Re3+ 46. Kb4 Bd6+ 47. Ka4
R8e4 48. Rc1 Rf3 49. Rcc2 Kb6 50. b4 a5 51. Rgf2 Rxf2 52. bxa5+ Ka6
53. Rxf2 Rxc4+ 54. Kb3 Rb4+ 55. Kc2 Be5 0-1

[Event "AS04 Int"]
[Site "Copenhagen"]
[Date "1988.??.??"]
[Round "?"]
[White "Bjerring, Kai"]
[Black "Smagin, Sergey"]
[Result "1/2-1/2"]
[WhiteElo "2345"]
[BlackElo "2550"]

1. e4 e5 2. Nf3 Nc6 3. Bb5 a6 4. Ba4 Nf6 5. O-O Be7 6. Re1 b5 7. Bb3
O-O 8. c3 d6 9. h3 Be6 10. Bc2 d5 11. exd5 Nxd5 12. d4 exd4 13. Nxd4
Nxd4 14. Qxd4 Bf6 15. Qd3 g6 16. Bh6 Bf5 17. Qd1 Bxc2 18. Qxc2 Re8 19.
Nd2 Qd7 20. Nf3 Qc6 21. Qd3 Nb6 22. Rxe8+ Rxe8 23. Rd1 Qc4 24. Qxc4
Nxc4 25. b3 Nd6 26. Bf4 Ne4 27. Bxc7 Nxc3 28. Rd6 Re6 29. Rd2 Rc6 30.
Be5 Ne4 31. Re2 Rc1+ 32. Kh2 Nc3 33. Bxc3 Bxc3 34. g3 Kg7 35. Kg2 h6
36. g4 Ra1 37. Nh2 a5 38. Nf1 Bd4 39. Ng3 Rc1 40. Ne4 a4 41. Rd2 Ba1
42. Rd7 Rc2 43. Rd2 axb3 44. axb3 Rxd2 45. Nxd2 Kf6 46. f4 Ke6 47. Kf3
Kd5 48. Ke3 Bb2 49. Ne4 Bc1+ 50. Kf3 b4 51. h4 Kd4 52. g5 hxg5 53. hxg5
Bb2 54. Nd6 Kc3 55. Nxf7 Kxb3 56. Ne5 Kc2 57. Nc6 b3 58. Na5 1/2-1/2

[Event "AS04 Int"]
[Site "Copenhagen"]
[Date "1988.??.??"]
[Round "?"]
[White "Eingorn, V"]
[Black "Karlsson, Lars"]
[Result "1/2-1/2"]
[WhiteElo "2560"]
[BlackElo "2520"]

1. d4 e6 2. c4 f5 3. g3 Nf6 4. Bg2 Be7 5. Nf3 d5 6. O-O O-O 7. Bg5 c6
8. Qc2 Bd6 9. e3 Qe8 10. c5 Be7 11. Ne5 Nbd7 12. Nxd7 Nxd7 13. Bxe7
Qxe7 14. Nd2 e5 15. dxe5 Nxe5 16. Nf3 Bd7 17. Nxe5 Qxe5 18. Rad1 Kh8
19. Rd4 Be8 20. Qd2 Qe7 21. Rc1 g5 22. Qc3 Kg8 23. Rb4 Bg6 24. f4 Rae8
25. Kf2 gxf4 26. Rxf4 Rf6 27. Qd4 Re6 28. Rc3 Re5 29. Bf3 Re6 30. Ra3
Re5 31. Rb3 Bf7 32. Rc3 Bg6 33. Rh4 Rf8 34. Qd2 Re8 35. Ra4 a6 36. Rf4
Qg7 37. Qd4 R8e6 38. Rh4 Qf7 39. Qf4 Qe7 40. Qd4 Qf7 41. Qd2 Qe7 42. a3
Qf7 43. Rf4 Qe7 44. Qc1 Qe8 45. Rh4 Re7 46. b4 Rd7 47. Qd1 Qd8 48. Rd3
Qe8 49. Rf4 Rde7 50. Qc1 Bh5 51. Bg2 Bg4 52. Qd2 Rg7 53. Kg1 Qh5 54.
Qc2 Bh3 55. Bxh3 Qxh3 56. Qe2 Rg5 57. Rdd4 Qh6 58. Kg2 Qe6 59. Kf2 Rg7
1/2-1/2

[Event "AS04 Int"]
[Site "Copenhagen"]
[Date "1988.??.??"]
[Round "?"]
[White "Eingorn, V"]
[Black "Kristiansen, Jens"]
[Result "1-0"]
[WhiteElo "2560"]
[BlackElo "2415"]

1. d4 f5 2. g3 Nf6 3. Bg2 e6 4. c4 Bb4+ 5. Nd2 O-O 6. Ngf3 a5 7. O-O b6
8. a3 Bxd2 9. Nxd2 Ra7 10. Nb1 Ba6 11. b3 a4 12. Nc3 axb3 13. Nb5 Bxb5
14. cxb5 d5 15. Qxb3 Nbd7 16. Bf4 h6 17. Rfc1 g5 18. Bd2 Ne4 19. Bb4
Rf7 20. Rc6 Qf6 21. Rd1 g4 22. Qe3 Nb8 23. Rc2 Nd7 24. Qf4 Nf8 25. f3
Ng5 26. Qe5 Qxe5 27. dxe5 Ng6 28. f4 Nh7 29. e3 Nhf8 30. Rdc1 Rd7 31.
Bf1 Kf7 32. Bd3 h5 33. h3 Ke8 34. Rh2 Rg7 35. Kf2 Nd7 36. hxg4 hxg4
37. Rc6 Ndf8 38. Rh1 Kd7 39. Kg2 Ne7 40. Rc2 Rh7 41. Rcc1 Rxh1 42. Rxh1
Neg6 43. Kf2 Ke8 44. Ke2 Kf7 45. Kd2 Kg7 46. Rc1 Kf7 47. Kc3 Ke8 48.
Kb3 Ne7 49. Rh1 Neg6 50. a4 Ne7 51. Be2 Neg6 52. Ka3 Ne7 53. a5 bxa5
54. Bc5 Ra8 55. Rc1 Nd7 56. Bxe7 Kxe7 57. Rxc7 Kd8 58. Rc6 Rc8 59. Rxe6
Rc3+ 60. Kb2 Rxe3 61. Bd1 Rxg3 62. b6 Rg2+ 63. Kc1 Ra2 64. Bb3 Ra1+
65. Kb2 Rf1 66. Rd6 Ke7 67. b7 Nb8 68. Rg6 Rxf4 69. Bxd5 Rd4 70. Rg7+
Kd8 71. Bh1 Rd1 72. e6 Rxh1 73. e7+ Kd7 74. Rg8 Kxe7 75. Rxb8 Rh6 76.
Rg8 Rb6+ 77. Kc3 Rxb7 78. Rg7+ Kf6 79. Rxb7 Ke5 80. Kd3 Kf4 81. Ke2 g3
82. Kf1 a4 83. Ra7 1-0

[Event "AS04 Int"]
[Site "Copenhagen"]
[Date "1988.??.??"]
[Round "?"]
[White "Eingorn, V"]
[Black "Schussler, Harry"]
[Result "1/2-1/2"]
[WhiteElo "2560"]
[BlackElo "2525"]

1. d4 Nf6 2. c4 e6 3. Nf3 b6 4. g3 Ba6 5. b3 Bb7 6. Bg2 Bb4+ 7. Bd2 a5
8. O-O O-O 9. Bc3 d5 10. Bb2 Be7 11. Nc3 Nbd7 12. Ne5 c6 13. e4 Nxe5
14. dxe5 Nxe4 15. Nxe4 dxe4 16. Bxe4 Qc7 17. Qf3 Rfd8 18. Rad1 Bf8 19.
h4 Rxd1 20. Rxd1 Rd8 21. Rxd8 Qxd8 22. Bc1 Qc7 23. Bf4 g6 24. h5 Bg7
25. h6 Bf8 26. Qe3 Bc5 27. Qd2 Bb4 28. Qd3 Be7 29. Qf3 Kf8 30. Qe3 Bc5
31. Qe2 Be7 32. Bg2 Ke8 33. Qe4 Qd7 34. Bf3 Bc5 35. Be3 Bxe3 36. Qxe3
c5 37. Kg2 Bc6 38. Qf4 Qb7 39. Bxc6+ Qxc6+ 40. Kh2 a4 41. g4 a3 42. Kg3
Qh1 43. Qf3 Qa1 44. Qc6+ Ke7 45. Qd6+ Ke8 46. Kh4 1/2-1/2

[Event "AS04 Int"]
[Site "Copenhagen"]
[Date "1988.??.??"]
[Round "?"]
[White "Hansen, Lars Bo"]
[Black "Bang, Andreas"]
[Result "1-0"]
[WhiteElo "2455"]
[BlackElo "2280"]

1. d4 d5 2. c4 c6 3. Nf3 Nf6 4. Nc3 dxc4 5. a4 Bf5 6. e3 e6 7. Bxc4 Bb4
8. O-O O-O 9. Nh4 Bg6 10. f3 Nbd7 11. e4 e5 12. dxe5 Qb6+ 13. Kh1 Nxe5
14. Be2 Rad8 15. Qc2 Qd4 16. Bg5 Nd3 17. Bxd3 Qxd3 18. Qb3 Bxc3 19.
bxc3 Rd7 20. Bxf6 gxf6 21. Rfd1 1-0

[Event "AS04 Int"]
[Site "Copenhagen"]
[Date "1988.??.??"]
[Round "?"]
[White "Hansen, Lars Bo"]
[Black "Eingorn, V"]
[Result "1/2-1/2"]
[WhiteElo "2455"]
[BlackElo "2560"]

1. d4 e6 2. Nf3 Nf6 3. c4 b6 4. g3 Ba6 5. b3 Bb7 6. Bg2 Bb4+ 7. Bd2 a5
8. O-O O-O 9. Bc3 Bxc3 10. Nxc3 Ne4 1/2-1/2

[Event "AS04 Int"]
[Site "Copenhagen"]
[Date "1988.??.??"]
[Round "?"]
[White "Hansen, Lars Bo"]
[Black "Sahl, Bjarke"]
[Result "1-0"]
[WhiteElo "2455"]
[BlackElo "2400"]

1. d4 d5 2. c4 c6 3. Nf3 e6 4. Qc2 Nd7 5. g3 Ngf6 6. Bg2 dxc4 7. Qxc4
Qa5+ 8. Nc3 Nb6 9. Qd3 Nbd5 10. O-O Be7 11. e4 Nb4 12. Qb1 Qd8 13. a3
Na6 14. Rd1 Nc7 15. Ne5 h6 16. Be3 O-O 17. Qa2 Qe8 18. Rac1 Kh8 19. Bf4
Nh5 20. Ng6+ fxg6 21. Bxc7 Qf7 22. Rc2 Nf6 23. Bh3 Nh7 24. Bf4 g5 25.
Be3 Qg6 26. Qb1 e5 27. Bxc8 Raxc8 28. dxe5 b6 29. Rd7 Bc5 30. Bxc5 bxc5
31. Qd1 g4 32. Qd6 Qh5 33. Qe7 Rg8 34. h4 gxh3 35. f4 Qg4 36. Kh2 Rce8
37. Qd6 Nf8 38. Rxa7 Ne6 39. Qd1 h5 40. Qf1 Nd4 41. Rf2 Rgf8 42. Nd1 g5
43. Ne3 Qe6 44. fxg5 Rxf2+ 45. Qxf2 Qxe5 46. Qf7 1-0

[Event "AS04 Int"]
[Site "Copenhagen"]
[Date "1988.??.??"]
[Round "?"]
[White "Karlsson, Lars"]
[Black "Kristiansen, Jens"]
[Result "1-0"]
[WhiteElo "2520"]
[BlackElo "2415"]

1. Nf3 g6 2. e4 Bg7 3. d4 d6 4. c3 Nf6 5. Bd3 O-O 6. O-O c5 7. h3 Nc6
8. d5 Ne5 9. Nxe5 dxe5 10. Re1 Ne8 11. Nd2 Nd6 12. Nc4 Nxc4 13. Bxc4
Qd6 14. Rb1 Bd7 15. b4 b5 16. bxc5 Qxc5 17. Bf1 Qxc3 18. Bxb5 Bxb5 19.
Rxb5 Rab8 20. Bb2 Qc4 21. Rb3 Rxb3 22. Qxb3 Qxb3 23. axb3 Rb8 24. Re3
f6 25. Ba3 Kf7 26. Rc3 Rb7 27. Kf1 Ke8 28. Rc8+ Kd7 29. Ra8 Rc7 30. Rg8
Bh6 31. Rh8 Bc1 32. d6 1-0

[Event "AS04 Int"]
[Site "Copenhagen"]
[Date "1988.??.??"]
[Round "?"]
[White "Sahl, Bjarke"]
[Black "Bjerring, Kai"]
[Result "1-0"]
[WhiteElo "2400"]
[BlackElo "2345"]

1. e4 e5 2. Nf3 Nc6 3. d4 exd4 4. Bc4 Nf6 5. e5 d5 6. Bb5 Ne4 7. Nxd4
Bd7 8. Bxc6 bxc6 9. O-O Bc5 10. Be3 Qe7 11. Re1 Rb8 12. Nd2 Bxd4 13.
Bxd4 c5 14. Nxe4 dxe4 15. Bc3 Bc6 16. Qg4 O-O 17. Re3 Qe6 18. Qf4 Rfd8
19. a3 h6 20. h3 Rd4 21. Rg3 Kf8 22. Re1 g5 23. Qf6 Qxf6 24. exf6 Rd5
25. h4 Re8 26. hxg5 hxg5 27. Rh3 Kg8 28. Kh2 Rf5 29. Kg3 Rf4 30. Rh5
1-0

[Event "AS04 Int"]
[Site "Copenhagen"]
[Date "1988.??.??"]
[Round "?"]
[White "Sahl, Bjarke"]
[Black "Eingorn, V"]
[Result "0-1"]
[WhiteElo "2400"]
[BlackElo "2560"]

1. d4 Nf6 2. c4 e6 3. Nc3 Bb4 4. e3 O-O 5. Nge2 d5 6. a3 Be7 7. Nf4 c6
8. Bd2 Nbd7 9. cxd5 exd5 10. Bd3 Re8 11. Qf3 Nf8 12. h3 Bd6 13. O-O-O
Qe7 14. g4 Ne4 15. Rhe1 Bd7 16. Qe2 a5 17. a4 Bb4 18. f3 Nxd2 19. Qxd2
Qd6 20. Bc2 Rad8 21. Nd3 b6 22. Ne5 f6 23. Nxd7 Rxd7 24. Qd3 Qg3 25. e4
dxe4 26. Qc4+ Kh8 27. Bb3 Ng6 28. Rxe4 Rf8 29. Qe2 Rdd8 30. Kb1 Bxc3
31. bxc3 b5 32. Ka1 bxa4 33. Bxa4 Qd6 34. Qa2 Nf4 35. c4 Rb8 36. c5 Qc7
37. Bb3 Rfd8 38. Rde1 Nd3 39. Re7 Qg3 40. Rf1 Rxd4 41. Qxa5 Rdd8 42.
Qc3 Ne5 43. g5 Qxg5 44. f4 Qf5 45. Rg1 Ra8+ 46. Ba2 Ng6 47. Rb7 Qxf4
48. Re1 Ne5 49. Rg1 Qf2 0-1

[Event "AS04 Int"]
[Site "Copenhagen"]
[Date "1988.??.??"]
[Round "?"]
[White "Kristiansen, Jens"]
[Black "Sahl, Bjarke"]
[Result "1-0"]
[WhiteElo "2415"]
[BlackElo "2400"]

1. e4 g6 2. d4 Bg7 3. Nc3 c6 4. Bg5 Qb6 5. Nge2 Qxb2 6. Rb1 Qa3 7. Qd2
Qa5 8. g3 d6 9. Bg2 Nf6 10. O-O h6 11. Bxf6 Bxf6 12. f4 Bg7 13. f5 g5
14. Kh1 Nd7 15. e5 dxe5 16. d5 e4 17. d6 exd6 18. Qxd6 Bxc3 19. Nxc3
Qxc3 20. Rb4 Qc5 21. Rxe4+ Kd8 22. Qd3 Kc7 23. f6 Ne5 24. Qe2 Re8 25.
Qh5 Be6 26. Rfe1 Bd5 1-0

[Event "AS04 Int"]
[Site "Copenhagen"]
[Date "1988.??.??"]
[Round "?"]
[White "Kristiansen, Jens"]
[Black "Rozentalis, Eduardas"]
[Result "0-1"]
[WhiteElo "2415"]
[BlackElo "2490"]

1. c4 e6 2. Nf3 Nf6 3. g3 b6 4. Bg2 Bb7 5. O-O Be7 6. Nc3 O-O 7. d4 Ne4
8. Bd2 f5 9. Rc1 d6 10. d5 Nxd2 11. Qxd2 e5 12. Ne1 Nd7 13. f4 Bf6 14.
Nd3 Qe7 15. e4 exf4 16. Nxf4 Bg5 17. exf5 Rxf5 18. Qc2 Bxf4 19. gxf4
Raf8 20. Qe2 Qxe2 21. Nxe2 Nc5 22. Rc3 a5 23. Rcf3 Re8 24. Nd4 Rf6 25.
Rg3 Rg6 26. b3 Bc8 27. f5 Rxg3 28. hxg3 Re3 29. g4 Rg3 30. Rf4 g5 31.
Rf1 Rxg4 32. Ne6 Kf7 33. Kh2 Kf6 34. Nxc7 Bd7 35. Re1 Rf4 36. Ne8+ Bxe8
37. Rxe8 Rxf5 38. Rb8 Ke5 39. Rxb6 Rf2 40. a3 Nd3 41. Kg3 h5 42. Bf3
h4+ 43. Kg4 h3 44. Rb8 Rg2+ 0-1

[Event "AS04 Int"]
[Site "Copenhagen"]
[Date "1988.??.??"]
[Round "?"]
[White "Kristiansen, Jens"]
[Black "Schussler, Harry"]
[Result "1/2-1/2"]
[WhiteElo "2415"]
[BlackElo "2525"]

1. c4 c5 2. Nf3 Nc6 3. d4 cxd4 4. Nxd4 e6 5. Nb5 a6 6. Nd6+ Bxd6 7.
Qxd6 Nge7 8. Nc3 O-O 9. e3 Qa5 10. Be2 Rb8 11. O-O b5 12. c5 Bb7 13.
Bd2 b4 14. Ne4 Nf5 15. Qf4 Nce7 16. Bxb4 Qd8 17. Nc3 Ng6 18. Qc4 Ne5
19. Qf4 Ng6 20. Qc4 Ne5 21. Qf4 1/2-1/2

[Event "AS04 Int"]
[Site "Copenhagen"]
[Date "1988.??.??"]
[Round "?"]
[White "Rozentalis, Eduardas"]
[Black "Smagin, Sergey"]
[Result "1/2-1/2"]
[WhiteElo "2490"]
[BlackElo "2550"]

1. e4 e5 2. Nf3 Nc6 3. Bb5 a6 4. Bxc6 dxc6 5. O-O Qd6 6. Na3 b5 7. c3
Bg4 8. d4 Rd8 9. Nc2 c5 10. h3 Bxf3 11. Qxf3 cxd4 12. cxd4 exd4 13. Bf4
Qb6 14. Qg3 Rd7 15. Rad1 c5 16. b4 Qg6 17. Qf3 Nf6 18. Rfe1 Be7 19.
bxc5 Bxc5 20. Be5 d3 21. Rxd3 Rxd3 22. Qxd3 O-O 23. Bd4 Rd8 24. Qe3 Bf8
25. f4 Nd5 26. Qd2 Nb6 27. Qf2 Nc4 28. f5 Qc6 29. e5 Na3 30. Re2 Nxc2
31. Rxc2 Qe4 32. Bb2 g6 33. fxg6 hxg6 34. Rc7 Qf5 35. Qxf5 gxf5 36. Bc1
Bg7 37. Bf4 Rd4 38. g3 Ra4 39. Rc2 Re4 40. Rc8+ Kh7 41. Rc7 Bxe5 42.
Bxe5 Rxe5 43. Rxf7+ Kg6 44. Ra7 Re6 45. h4 Rc6 46. a3 Kh5 47. Kf2 Rc2+
48. Kf3 Rc3+ 49. Kf4 Rxa3 50. Kxf5 Rf3+ 51. Ke4 Rxg3 52. Rxa6 1/2-1/2

[Event "AS04 Int"]
[Site "Copenhagen"]
[Date "1988.??.??"]
[Round "?"]
[White "Schussler, Harry"]
[Black "Bang, Andreas"]
[Result "1/2-1/2"]
[WhiteElo "2525"]
[BlackElo "2280"]

1. d4 d5 2. Nf3 c6 3. c4 Nf6 4. Nc3 dxc4 5. a4 Bf5 6. e3 e6 7. Bxc4 Bb4
8. O-O O-O 9. Qb3 Qb6 10. Nh4 Bg6 11. Nxg6 hxg6 12. Rd1 Nbd7 13. Qc2 c5
14. d5 Ne5 15. b3 Bxc3 16. Qxc3 exd5 17. Bxd5 Rad8 18. e4 Nxe4 19. Qxe5
Rfe8 20. Qb2 Nf6 21. Bxf7+ Kxf7 22. Rf1 Rd3 23. Rb1 Qe6 24. Qc2 Qd5
25. Be3 b6 26. h3 Ne4 27. a5 bxa5 28. Rfc1 Rb8 29. Qc4 Qxc4 30. Rxc4
Rb4 31. Rbc1 Rdxb3 32. Bxc5 Rxc4 33. Rxc4 Nxc5 34. Rxc5 a4 35. Ra5 a3
36. Rxa7+ Kf6 37. h4 Kf5 38. Kh2 Rb2 39. Rxa3 Rxf2 40. Ra8 Kg4 41. Ra4+
Kh5 42. Kh3 Rc2 43. Ra8 g5 44. Ra5 Kg6 45. Rxg5+ Kf6 46. Rb5 g6 47. Rb4
Rc6 48. Kg4 Ra6 49. Rf4+ Kg7 50. g3 Ra5 51. Rd4 Rb5 52. Kf4 Rf5+ 53.
Ke4 Ra5 54. Rd7+ Kh6 55. g4 Ra4+ 56. Rd4 Ra5 57. Kf4 Rb5 58. Ra4 g5+
59. hxg5+ Rxg5 60. Ra6+ Rg6 61. g5+ Kh5 62. Ra8 Rg7 63. Rh8+ Kg6 64.
Rh6+ Kf7 65. Kf5 Kg8 66. Rg6 Kf8 67. Ra6 Kg8 68. g6 Rb7 69. Rf6 Rb8
70. Re6 Rf8+ 71. Kg5 Rf1 72. Re8+ Kg7 73. Re7+ Kg8 74. Re5 Kg7 75. Ra5
Rg1+ 76. Kh5 Rh1+ 77. Kg5 1/2-1/2

[Event "AS04 Int"]
[Site "Copenhagen"]
[Date "1988.??.??"]
[Round "?"]
[White "Schussler, Harry"]
[Black "Hansen, Lars Bo"]
[Result "1/2-1/2"]
[WhiteElo "2525"]
[BlackElo "2455"]

1. d4 Nf6 2. Nf3 e6 3. c4 Bb4+ 4. Nbd2 O-O 5. a3 Be7 6. e4 d5 7. Bd3 c5
8. e5 Nfd7 9. cxd5 exd5 10. O-O Nc6 11. Re1 a5 12. dxc5 Re8 13. Qc2 h6
14. Nb3 a4 15. Nbd4 Bxc5 16. e6 Nxd4 17. Nxd4 fxe6 18. Nxe6 Qf6 19. Bg5
hxg5 20. Nxc5 Ne5 21. Nxa4 Bd7 22. Nc3 Bc6 23. Bb5 Qf4 24. Bxc6 bxc6
25. Ne2 Qc4 26. Qxc4 Nxc4 27. Nd4 Rxe1+ 28. Rxe1 c5 29. Nb3 Nxb2 30.
Nxc5 Rxa3 31. f3 Kf7 32. Re2 Nd3 33. Nxd3 Rxd3 34. Kf2 Kf6 35. Re8 Rd2+
36. Kg3 Kf7 37. Re5 Kf6 38. Re8 Kf7 39. Rd8 Ke7 40. Rg8 Kf7 41. Rd8 Ke7
42. Rg8 Kf7 43. Rd8 Ke7 1/2-1/2

[Event "AS04 Int"]
[Site "Copenhagen"]
[Date "1988.??.??"]
[Round "?"]
[White "Schussler, Harry"]
[Black "Karlsson, Lars"]
[Result "1/2-1/2"]
[WhiteElo "2525"]
[BlackElo "2520"]

1. Nf3 g6 2. c4 Bg7 3. g3 e5 4. Nc3 f5 5. d3 Nc6 6. Bg2 Nf6 7. O-O O-O
8. Rb1 d6 9. b4 h6 10. b5 Ne7 11. a4 g5 12. Nd2 f4 13. a5 Rb8 14. b6
axb6 1/2-1/2

[Event "AS04 Int"]
[Site "Copenhagen"]
[Date "1988.??.??"]
[Round "?"]
[White "Schussler, Harry"]
[Black "Rozentalis, Eduardas"]
[Result "1-0"]
[WhiteElo "2525"]
[BlackElo "2490"]

1. d4 e6 2. c4 Nf6 3. Nf3 b6 4. g3 Bb7 5. Bg2 Be7 6. O-O O-O 7. Re1 d5
8. cxd5 exd5 9. Nc3 c5 10. Bf4 Nbd7 11. Ne5 Nxe5 12. Bxe5 Ne4 13. dxc5
Nxc3 14. bxc3 Bxc5 15. Bd4 Rc8 16. Qa4 Bc6 17. Qb3 Qd6 18. Red1 Rfd8
19. Rd2 h6 20. e3 Qe7 21. a4 Qd6 22. h4 a5 23. Rad1 Ba8 24. e4 Rc7 25.
exd5 Rdc8 26. c4 Bb4 27. Rc2 Bc5 28. Bxc5 bxc5 29. Qc3 Rb7 30. Re2 Rb4
31. Rde1 Rf8 32. Re4 Bb7 33. Rg4 g6 34. Re6 fxe6 35. Rxg6+ Kf7 36. Qg7+
Ke8 37. Rxe6+ Qxe6 38. dxe6 Rb1+ 39. Kh2 Rxf2 1-0

[Event "AS04 Int"]
[Site "Copenhagen"]
[Date "1988.??.??"]
[Round "?"]
[White "Smagin, Sergey"]
[Black "Bang, Andreas"]
[Result "1-0"]
[WhiteElo "2550"]
[BlackElo "2280"]

1. e4 c6 2. d4 d5 3. Nd2 dxe4 4. Nxe4 Nf6 5. Nxf6+ exf6 6. Bc4 Qe7+ 7.
Qe2 Be6 8. Bb3 Na6 9. c3 Bxb3 10. Qxe7+ Bxe7 11. axb3 c5 12. Nf3 cxd4
13. Nxd4 Bc5 14. Be3 O-O-O 15. O-O Rhe8 16. Rfd1 g6 17. Kf1 Re7 18. b4
Bb6 19. Nb5 Rxd1+ 20. Rxd1 Bxe3 21. fxe3 Nc7 22. Nd6+ Kb8 23. Nf5 Re8
24. Nh6 a6 25. Kf2 Kc8 26. Nxf7 Nb5 27. Rd6 f5 28. c4 Re7 29. cxb5 Rxf7
30. bxa6 bxa6 31. Rxa6 Rb7 32. Rc6+ Kb8 33. Rc4 Re7 34. e4 fxe4 35. Ke3
Kb7 36. Rxe4 Rc7 37. Kf4 Kb6 38. Kg5 Rc2 39. Rg4 Kb5 40. Kh6 Rc7 41. b3
Re7 42. h4 Rd7 43. Re4 Rf7 44. g4 1-0

[Event "AS04 Int"]
[Site "Copenhagen"]
[Date "1988.??.??"]
[Round "?"]
[White "Smagin, Sergey"]
[Black "Eingorn, V"]
[Result "1/2-1/2"]
[WhiteElo "2550"]
[BlackElo "2560"]

1. e4 e5 2. Nf3 Nc6 3. Bb5 a6 4. Ba4 Nf6 5. O-O Be7 6. Re1 b5 7. Bb3
O-O 8. c3 d6 9. d3 h6 10. Nbd2 Re8 11. Nf1 Bf8 12. h3 Be6 13. Bxe6
1/2-1/2

[Event "AS04 Int"]
[Site "Copenhagen"]
[Date "1988.??.??"]
[Round "?"]
[White "Smagin, Sergey"]
[Black "Hansen, Lars Bo"]
[Result "1/2-1/2"]
[WhiteElo "2550"]
[BlackElo "2455"]

1. e4 e6 2. d4 d5 3. Nd2 dxe4 4. Nxe4 Bd7 5. c4 Nf6 6. Nc3 c5 7. d5
exd5 8. cxd5 Bd6 9. Qe2+ Kf8 10. Nf3 Na6 11. Qd1 Nc7 12. a4 h6 13. Be2
Bg4 14. Be3 g6 15. h3 Bxf3 16. Bxf3 Kg7 17. O-O b6 18. Qd2 Qd7 19. Rfd1
Qf5 20. Nb5 Nxb5 21. axb5 h5 22. Ra4 Qd7 23. Rda1 Qxb5 24. Rxa7 Rxa7
25. Rxa7 Rd8 26. Bh6+ Kg8 27. Bf4 Bxf4 28. Qxf4 Qxb2 29. Qc7 Rf8 30.
Rb7 Qa1+ 31. Kh2 Qd4 32. Rxb6 Nxd5 33. Bxd5 Qxd5 34. Rb5 Rd8 1/2-1/2

[Event "AS04 Int"]
[Site "Copenhagen"]
[Date "1988.??.??"]
[Round "?"]
[White "Smagin, Sergey"]
[Black "Kristiansen, Jens"]
[Result "1-0"]
[WhiteElo "2550"]
[BlackElo "2415"]

1. e4 g6 2. d4 Bg7 3. c3 d6 4. f4 Nf6 5. Bd3 O-O 6. Nf3 c5 7. dxc5 dxc5
8. e5 Nd5 9. Be4 Nc7 10. O-O f5 11. Bd3 Be6 12. Qe2 Nc6 13. Rd1 Qe8
14. Be3 b6 15. Ng5 Bd5 16. Bc4 e6 17. Na3 h6 18. Nf3 Na5 19. Bd3 Qe7
20. b3 Rad8 21. Nb5 Bxf3 22. Qxf3 Rxd3 23. Rxd3 Nxb5 24. Rad1 Rc8 25.
c4 Nd4 26. Bxd4 cxd4 27. Rxd4 Rc7 28. Qa8+ Kh7 29. Qd8 Qc5 30. b4 1-0

[Event "AS04 Int"]
[Site "Copenhagen"]
[Date "1988.??.??"]
[Round "?"]
[White "Smagin, Sergey"]
[Black "Schussler, Harry"]
[Result "1/2-1/2"]
[WhiteElo "2550"]
[BlackElo "2525"]

1. e4 e5 2. Nf3 Nf6 3. d4 Nxe4 4. Bd3 d5 5. Nxe5 Bd6 6. O-O O-O 7. c4
Bxe5 8. dxe5 Nc6 9. cxd5 Qxd5 10. Qc2 Nb4 11. Bxe4 Nxc2 12. Bxd5 Bf5
13. g4 Bxg4 14. Be4 Nxa1 15. Bf4 f6 16. Nc3 fxe5 17. Bg3 Rad8 18. Rxa1
Rd2 19. b4 Bf3 20. a3 Bxe4 21. Nxe4 Re2 22. Nc5 b6 23. Ne6 Rc8 24. Rc1
c5 25. bxc5 Rc6 26. Nd8 Rxc5 27. Rd1 Rcc2 28. Ne6 Red2 29. Re1 Re2 30.
Rd1 Red2 31. Re1 Re2 32. Rd1 1/2-1/2